Language Quiz

Random Language or Letter Quiz

Word Hourglass IV Quiz Stats

Quiz Updated Feb 7, 2015

Also try: Word Hourglass III
Challenge
Share
Tweet
Embed
Score 0/11 Timer 02:00
0 Plays Today
Clue Word % Correct
Former US Vice President AlGORE
94.4%
3rd note of the C major scaleE
93.7%
Ferrite or magnetite, for ironORE
91.4%
It comes after doRE
90.1%
Of, in French or SpanishDE
89.8%
A person from CopenhagenDANE
85.2%
State that's home to Carson CityNEVADA
83.4%
State that's home to SalemOREGON
81.5%
Actor Beatty of 'Superman'NED
76.7%
One who is beyond hopeGONER
60.6%
The mother of PerseusDANAE
20.2%

You're not logged in!

Compare scores with friends on all Sporcle quizzes.
Sign Up with Email
OR
Log In

You Might Also Like...

Show Comments

Extras

Top Quizzes Today


Score Distribution

Your Account Isn't Verified!

In order to create a playlist on Sporcle, you need to verify the email address you used during registration. Go to your Sporcle Settings to finish the process.